[Event "Moscow-4teams"]
[Site "Moscow"]
[Date "1981.??.??"]
[Round "?"]
[White "Bagirov, Vladimir"]
[Black "Beliavsky, Alexander G"]
[Result "1/2-1/2"]
[WhiteElo "2505"]
[BlackElo "2620"]

1.c4 e6 2.Nc3 d5 3.d4 Be7 4.Nf3 Nf6 5.Bg5 h6 6.Bh4 O-O 7.e3 b6 8.Qb3 Bb7
9.Bxf6 Bxf6 10.cxd5 exd5 11.Rd1 Re8 12.Bd3 c5 13.dxc5 Nd7 14.c6 Bxc6 15.O-O Nc5
16.Qa3 a5 17.Ne2 Qd6 18.Ned4 Bb7 19.Bb5 Red8 20.Qc3 Rac8 21.Qd2 Ne4 22.Qe2 Ng5
23.Rd2 g6 24.h3 Rc5 25.Ba6 Bxa6 26.Qxa6 Kg7 27.Qe2 a4 28.Nxg5 hxg5 29.Rfd1 Rdc8
30.b3 Bxd4 31.Rxd4 Rc2 32.R4d2 Qc6 33.Rxc2 Qxc2 34.Qxc2 Rxc2 35.bxa4 Rxa2
36.Rd4 Kf6 37.Rxd5 Rxa4 38.Rd6+ Kg7 39.Rxb6 g4 40.h4 Ra2 41.Rb4 f5 42.Rf4 Kf6
43.Kh2 g5 44.hxg5+ Kxg5 45.Kg3 Ra3 46.Rb4 Rc3 47.Rb5 Ra3 48.Rd5 Rb3 49.f4+ gxf3
50.Kxf3 Rb4  1/2-1/2

[Event "Moscow-4teams"]
[Site "Moscow"]
[Date "1981.??.??"]
[Round "?"]
[White "Beliavsky, Alexander G"]
[Black "Rashkovsky, Nukhim N"]
[Result "1/2-1/2"]
[WhiteElo "2620"]
[BlackElo "2535"]

1.e4 c5 2.Nf3 d6 3.d4 cxd4 4.Nxd4 Nf6 5.Nc3 a6 6.Bg5 e6 7.f4 Qb6 8.Qd2 Qxb2
9.Rb1 Qa3 10.f5 Nc6 11.fxe6 fxe6 12.Nxc6 bxc6 13.e5 dxe5 14.Bxf6 gxf6 15.Ne4 Be7
16.Be2 h5 17.Rb3 Qa4 18.Nxf6+ Bxf6 19.c4 Bh4+ 20.g3 Be7 21.O-O Ra7 22.Rb8 Rc7
23.Qd3 Bc5+ 24.Kh1 Ke7 25.Qf3 Re8 26.Qf6+ Kd6 27.Bxh5 Rce7 28.Rd1+ Bd4 29.Rxd4+ exd4
30.Qxd4+ Kc7 31.Qb6+ Kd6 32.Qd4+ Kc7 33.Qb6+  1/2-1/2

[Event "Moscow-4teams"]
[Site "Moscow"]
[Date "1981.??.??"]
[Round "?"]
[White "Beliavsky, Alexander G"]
[Black "Bagirov, Vladimir"]
[Result "1/2-1/2"]
[WhiteElo "2620"]
[BlackElo "2505"]

1.d4 Nf6 2.c4 e6 3.Nf3 d5 4.Nc3 c6 5.Bg5 dxc4 6.e4 b5 7.e5 h6 8.Bh4 g5 9.Nxg5 hxg5
10.Bxg5 Nbd7 11.exf6 Bb7 12.g3 c5 13.d5 Nb6 14.dxe6 Qxd1+ 15.Rxd1 Bxh1 16.e7 a6
17.exf8=Q+ Kxf8 18.Rd6 Rb8 19.Be3 Rh5 20.Be2 Re5 21.Nd1 Kg8 22.Bf4 Ree8 23.Ne3 Be4
24.f3 Bg6 25.h4 Rb7 26.g4 Na4 27.h5 Bb1 28.b3 Nc3 29.bxc4 Bxa2 30.Bd3 Bxc4
31.Bxc4 bxc4 32.g5 Kh7 33.g6+ Kg8 34.Kf1 Nb5 35.Rxa6 Nd4 36.Ng4 Nf5 37.Ne5 c3
38.Rc6 Rf8 39.Bg5 Ng3+ 40.Kg2 Nxh5 41.g7 Rfb8 42.Ng4 Kh7 43.Nh6 Kg6 44.Rxc5 Nxf6
45.Bxf6 Kxh6 46.Be5 Rg8 47.Rc6+ Kh7 48.Bxc3 Rbb8 49.Be5 Rbc8 50.Rb6 Rxg7+  1/2-1/2

[Event "Luzern ol (Men)"]
[Site "Luzern"]
[Date "1982.??.??"]
[Round "2"]
[White "Beliavsky, Alexander G"]
[Black "Frias, Victor J"]
[Result "1/2-1/2"]
[WhiteElo "2620"]
[BlackElo "2440"]

1.d4 Nf6 2.c4 e6 3.Nf3 b6 4.g3 Ba6 5.Nbd2 c5 6.e4 cxd4 7.e5 Ng4 8.h3 Nh6
9.Bg2 Bb7 10.O-O Bc5 11.Re1 Nf5 12.Ne4 Bxe4 13.Rxe4 Nc6 14.a3 a5 15.b3 O-O
16.Bb2 Rc8 17.Qd2 d6 18.g4 Nfe7 19.exd6 Qxd6 20.Nxd4 Nxd4 21.Bxd4 Rfd8 22.Rd1 Nc6
23.Be3 Qxd2 24.Rxd2 Rxd2 25.Bxd2 Bxa3 26.Re3 Bc5 27.Re1 Kf8 28.Kf1 Bb4 29.Bxc6 Bxd2
30.Rd1 Rxc6 31.Rxd2 Ke7 32.Ke2 b5 33.cxb5 Rc5 34.b6 Rb5 35.Ra2 Rxb6 36.Rxa5 Rxb3
37.h4 Rb4 38.Kf3 Rd4 39.h5 h6 40.Kg3 Rd5 41.Ra7+ Rd7 42.Ra5 Kf6 43.f3 g6  1/2-1/2

[Event "Luzern ol (Men)"]
[Site "Luzern"]
[Date "1982.??.??"]
[Round "4"]
[White "Kovacevic, Vlatko"]
[Black "Beliavsky, Alexander G"]
[Result "1/2-1/2"]
[WhiteElo "2560"]
[BlackElo "2620"]

1.d4 d5 2.Bg5 c6 3.e3 Bf5 4.Nd2 h6 5.Bh4 Nd7 6.c4 Qb6 7.g4 Bh7 8.cxd5 cxd5
9.Qb3 Qxb3 10.Nxb3 e6 11.Rc1 Bb4+ 12.Kd1 Ngf6 13.h3 O-O 14.f3 Rfc8 15.Ne2 Nb6
16.a3 Be7 17.Nc3 Nc4 18.Bxc4 Rxc4 19.Na5 Rcc8 20.Ke2 b6 21.Nb3 Kf8 22.Nb5 Bc2
23.Na1 Ba4 24.Nc7 Rab8 25.Bg3 a5 26.Rc3 Bd7 27.Rhc1 Rd8 28.Nc2 Rb7 29.Ne1 b5
30.Nd3 b4 31.axb4 axb4 32.R3c2 Ba4 33.Nc5 Ra7 34.Nxa4 Rxa4 35.Rc6 Ra2 36.Rb1 Ne8
37.Nxe8 Kxe8 38.Rb6 Rc8 39.Kd3 g6 40.Be1 Rc4 41.Rb7 Ra6 42.e4 e5 43.dxe5 Bc5
44.exd5 Rd4+ 45.Ke2 Rxd5 46.f4 g5 47.Bxb4 Bxb4 48.Rxb4 gxf4 49.Rxf4 Rxe5+
50.Kf3 Rae6 51.Kg3 h5 52.b4 Re3+ 53.Kh4 hxg4 54.hxg4 Rh6+ 55.Kg5 Rg6+ 56.Kf5 Ke7
57.g5 Rg3  1/2-1/2

[Event "Luzern ol (Men)"]
[Site "Luzern"]
[Date "1982.??.??"]
[Round "8"]
[White "Beliavsky, Alexander G"]
[Black "Pinter, Jozsef"]
[Result "1-0"]
[WhiteElo "2620"]
[BlackElo "2550"]

1.e4 c5 2.Nf3 d6 3.d4 cxd4 4.Nxd4 Nf6 5.Nc3 a6 6.Bg5 e6 7.f4 Qb6 8.Qd2 Qxb2
9.Nb3 Nc6 10.Bd3 Be7 11.O-O Qa3 12.Rae1 h6 13.Bh4 Qb4 14.Bf2 Na5 15.a3 Nxb3
16.cxb3 Qa5 17.b4 Qd8 18.e5 dxe5 19.fxe5 Nd5 20.Ne4 O-O 21.Bb1 Bd7 22.Qc2 Rc8
23.Bc5 g6 24.Qd2 Kg7 25.Bxe7 Qxe7 26.Rf3 Bb5 27.Nf6 Rh8 28.Nxd5 exd5 29.e6 f6
30.Rg3 g5 31.Qxd5 Be8 32.Qf5 Rc4 33.Rf3 h5 34.Rd1 Rh6 35.Rfd3 Rc7 36.Rd7 Bxd7
37.exd7 Qd8 38.Qe6 Rh8 39.Qe4 Rh6 40.Qe8 Rh8 41.Qg6+ Kf8 42.Ba2  1-0

[Event "Luzern ol (Men)"]
[Site "Luzern"]
[Date "1982.??.??"]
[Round "12"]
[White "Ciocaltea, Victor"]
[Black "Beliavsky, Alexander G"]
[Result "0-1"]
[WhiteElo "2440"]
[BlackElo "2620"]

1.e4 c5 2.Nf3 d6 3.d4 cxd4 4.Nxd4 Nf6 5.Nc3 Nc6 6.Be2 g6 7.O-O Bg7 8.Be3 O-O
9.h3 d5 10.exd5 Nb4 11.d6 Qxd6 12.Ndb5 Qb8 13.a3 Nc6 14.Qc1 a6 15.Nd4 Nxd4
16.Bxd4 Ng4 17.Bxg4 Bxd4 18.Ne2 Ba7 19.Qg5 Bxg4 20.Qxg4 Qe5 21.Nc3 Rad8 22.Rae1 Qc7
23.Qe2 Rd7 24.Ne4 Rfd8 25.Ng5 Rd5 26.Nf3 e6 27.c3 Qb6 28.Qc2 Qd6 29.Qe4 b5
30.Re2 a5 31.Rfe1 Qc5 32.g3 Bb8 33.Kg2 Bd6 34.Rc2 Bf8 35.Ree2 Bh6 36.c4 Rd1
37.cxb5 Qxb5 38.Qc4 R1d5  0-1

[Event "Sarajevo"]
[Site "Sarajevo"]
[Date "1982.??.??"]
[Round "?"]
[White "Beliavsky, Alexander G"]
[Black "Makarichev, Sergey"]
[Result "1/2-1/2"]
[WhiteElo "2615"]
[BlackElo "2505"]

1.d4 Nf6 2.c4 e6 3.Nf3 b6 4.g3 Bb7 5.Bg2 Be7 6.O-O O-O 7.Nc3 Ne4 8.Nxe4 Bxe4
9.Ne1 Bxg2 10.Nxg2 d5 11.Qa4 dxc4 12.Qxc4 c5 13.Rd1 cxd4 14.Rxd4 Qc8  1/2-1/2

[Event "URS-ch sf"]
[Site "Yaroslav"]
[Date "1982.??.??"]
[Round "?"]
[White "Beliavsky, Alexander G"]
[Black "Bagirov, Vladimir"]
[Result "1/2-1/2"]
[WhiteElo "2615"]
[BlackElo "2495"]

1.c4 e6 2.d4 Nf6 3.Nf3 d5 4.Nc3 c6 5.Bg5 h6 6.Bxf6 Qxf6 7.e3 Bd6 8.Bd3 dxc4
9.Bxc4 Nd7 10.O-O Qe7 11.e4 e5 12.d5 Nb6 13.Bb3 Bg4 14.dxc6 bxc6 15.h3 Bh5
16.Rc1 O-O 17.g4 Bg6 18.Nh4 Rfd8 19.Nxg6 Qf6 20.Ne2 Rac8 21.Ng3 Qxg6 22.Qf3 c5
23.Bc4 Bf8 24.Qe2 Qg5 25.Rfd1 g6 26.Ba6 Rxd1+ 27.Rxd1 Rd8 28.Rxd8 Qxd8 29.b3 Be7
30.Nf1 Qd4 31.Nh2 Bg5 32.Nf3 Qd6 33.Qb5 Kf8 34.a4 Bd8 35.Kg2 Bc7 36.Bb7 Ke7
37.Ne1 Nd7 38.Nd3 Qb6 39.Bc6 Nb8 40.Bd5 Qxb5 41.axb5 Bd6 42.Nb2  1/2-1/2

[Event "URS-ch sf"]
[Site "Minsk"]
[Date "1983.??.??"]
[Round "?"]
[White "Beliavsky, Alexander G"]
[Black "Korzubov, Peter"]
[Result "1/2-1/2"]
[WhiteElo "2570"]
[BlackElo "2450"]

1.d4 Nf6 2.c4 e6 3.Nc3 d5 4.cxd5 exd5 5.Bg5 c6 6.Qc2 Be7 7.e3 Nbd7 8.Bd3 Nf8
9.Nge2 Ne6 10.Bh4 g6 11.h3 Ng7 12.g4 O-O 13.O-O-O b5 14.Kb1 a5 15.Nc1 a4
16.f4 Nfe8 17.Bxe7 Qxe7 18.Rde1 f5 19.Nd1 Bd7 20.Be2 Nd6 21.Nd3 Ne4 22.Bf3 Rfc8
23.Bxe4 dxe4 24.Qc5 Qf8 25.Qxf8+ Kxf8 26.Nc5 Ke7 27.Nf2 Ne6 28.Rc1 Nc7 29.Rhg1 Rg8
30.Rg3 Nd5 31.Rcg1 Nf6 32.a3 Be6 33.Nd1 Rgb8 34.gxf5 Bxf5 35.Rh1 Nd5 36.Nc3 b4
37.Nxd5+ cxd5 38.Kc2 Rb6 39.Ra1 Bd7 40.h4 Rab8 41.axb4 Rxb4 42.b3 Rc8 43.Ra3 Rxb3
44.Rxb3 axb3+ 45.Kxb3 Rb8+ 46.Kc3 Ra8 47.Kb2 Rb8+ 48.Kc3 Ra8 49.Nxd7 Kxd7
50.h5 gxh5 51.Rh3 Ke6 52.Rxh5 Ra3+ 53.Kd2  1/2-1/2

[Event "URS-ch sf"]
[Site "Minsk"]
[Date "1983.??.??"]
[Round "?"]
[White "Glek, Igor V"]
[Black "Beliavsky, Alexander G"]
[Result "1/2-1/2"]
[WhiteElo "2200"]
[BlackElo "2570"]

1.e4 e5 2.Nf3 Nc6 3.Bb5 a6 4.Ba4 Be7 5.O-O Nf6 6.Bxc6 dxc6 7.d3 Nd7 8.Nbd2 O-O
9.Nc4 f6 10.d4 exd4 11.Nxd4 Nc5 12.f3 Qe8 13.Qe2 Qf7 14.Be3 Re8 15.b3 Bf8
16.Qf2 Ne6 17.Ne2 a5 18.Kh1 a4 19.Nb2 axb3 20.axb3 Rxa1 21.Rxa1 f5 22.exf5 Qxf5
23.Nd3 c5 24.Re1 b6 25.Ng3 Qd5 26.Ne4 Bb7 27.Qg3 Qf5 28.Bd2 Re7 29.Nef2 Qf7
30.Ng4 Kh8 31.Bc3 Nd4 32.Bxd4 cxd4 33.Rxe7 Qxe7 34.Qf4 Ba6 35.Nde5 c5 36.h3 Kg8
37.Qg3 Qe6 38.f4 g6 39.Qf3 h5 40.Nf2 Bc8 41.Nfd3 b5 42.Qe4 g5 43.f5 Qxf5
44.Nxc5 Bxc5 45.Qd5+  1/2-1/2

[Event "URS-ch sf"]
[Site "Minsk"]
[Date "1983.??.??"]
[Round "?"]
[White "Zaitsev, Igor A"]
[Black "Beliavsky, Alexander G"]
[Result "1/2-1/2"]
[WhiteElo "2445"]
[BlackElo "2570"]

1.e4 e5 2.Nf3 Nc6 3.Bb5 a6 4.Ba4 Nf6 5.O-O Be7 6.Re1 b5 7.Bb3 d6 8.c3 O-O
9.d4 Bg4 10.Be3 exd4 11.cxd4 Na5 12.Bc2 c5 13.dxc5 dxc5 14.Nc3 Nc4 15.e5 Qxd1
16.Raxd1 Bxf3 17.exf6 Bxd1 18.fxe7 Bxc2 19.exf8=Q+ Rxf8 20.Bxc5 Rc8 21.Nd5 Kh8
22.Nb6  1/2-1/2

[Event "URS-ch sf"]
[Site "Minsk"]
[Date "1983.??.??"]
[Round "?"]
[White "Klovans, Janis"]
[Black "Beliavsky, Alexander G"]
[Result "1/2-1/2"]
[WhiteElo "2450"]
[BlackElo "2570"]

1.e4 e5 2.Nf3 Nc6 3.Bb5 a6 4.Ba4 Nf6 5.O-O Be7 6.Re1 b5 7.Bb3 d6 8.c3 O-O
9.h3 Re8 10.d4 Bb7 11.Nbd2 Bf8 12.Bc2 g6 13.d5 Nb8 14.b3 c6 15.c4 Qc7 16.Nf1 Rc8
17.Bg5 Nbd7 18.Rc1 Be7 19.Be3 a5 20.Bd3 bxc4 21.bxc4 Ba6 22.Ng3 Rab8 23.Re2 Qb7
24.Rec2 Qa8 25.Ne1 Bd8 26.Qe2 h5 27.c5 Bxd3 28.Qxd3 h4 29.Nf1 Nxc5 30.Bxc5 dxc5
31.d6 Rb4 32.Rc4 Nd7 33.Ne3 Rcb8 34.Nf3 Qa6 35.Qc3 Bf6 36.Nd2 Bg5 37.Nb3 Bxe3
38.fxe3 Rd8 39.Nxc5 Qxc4 40.Qxc4 Rxc4 41.Rxc4 Nxc5  1/2-1/2

[Event "URS-ch sf"]
[Site "Minsk"]
[Date "1983.??.??"]
[Round "?"]
[White "Anikaev, Yuri N"]
[Black "Beliavsky, Alexander G"]
[Result "1/2-1/2"]
[WhiteElo "2460"]
[BlackElo "2570"]

1.d4 Nf6 2.c4 e6 3.Nf3 b6 4.Nc3 Bb7 5.a3 Be7 6.d5 exd5 7.cxd5 O-O 8.e4 Re8
9.Bd3 c6 10.O-O cxd5 11.exd5 Na6 12.Bf4 Bf8 13.Rc1 Nc5 14.Bc2 Ba6 15.Re1 Rxe1+
16.Nxe1 Nb7 17.Bd3 Bxd3 18.Qxd3 Bd6 19.Bxd6 Nxd6 20.Nc2 Rc8 21.Ne3 Rc7 22.Re1  1/2-1/2

[Event "URS-ch sf"]
[Site "Minsk"]
[Date "1983.??.??"]
[Round "?"]
[White "Beliavsky, Alexander G"]
[Black "Eingorn, Vereslav S"]
[Result "1-0"]
[WhiteElo "2570"]
[BlackElo "2450"]

1.d4 e6 2.Nf3 Nf6 3.c4 b6 4.g3 Ba6 5.b3 Bb4+ 6.Bd2 Be7 7.Bg2 Bb7 8.Nc3 O-O
9.O-O Na6 10.Qb1 d5 11.cxd5 exd5 12.Rd1 c5 13.Bf4 Qc8 14.Qb2 h6 15.Rac1 Qe6
16.Ne5 Rfc8 17.dxc5 Bxc5 18.Nd3 Re8 19.e3 Bf8 20.Be5 Ne4 21.Bd4 g5 22.Qe2 Rac8
23.Nb5 Nac5 24.Nxa7 Nxd3 25.Rxc8 Rxc8 26.Nxc8 Ndxf2 27.Nxb6 Nxd1 28.Qxd1 Nc5
29.Na4 Nxa4 30.bxa4 Ba6 31.Qb3 Bc4 32.Qb6 Qg4 33.Qf6  1-0

[Event "URS-ch sf"]
[Site "Minsk"]
[Date "1983.??.??"]
[Round "?"]
[White "Beliavsky, Alexander G"]
[Black "Grigorian, Karen Ashotovich"]
[Result "1-0"]
[WhiteElo "2570"]
[BlackElo "2425"]

1.d4 Nf6 2.c4 g6 3.Nc3 Bg7 4.e4 d6 5.f3 O-O 6.Be3 c5 7.dxc5 dxc5 8.Qxd8 Rxd8
9.Bxc5 Nc6 10.Ba3 b6 11.Nge2 Ba6 12.Nb5 Bxb5 13.cxb5 Ne5 14.Nc3 e6 15.Be2 Bf8
16.Bxf8 Kxf8 17.Rd1 Rdc8 18.Kf2 g5 19.Rd4 Rc7 20.h4 gxh4 21.Rxh4 h5 22.Rh1 Ke7
23.a4 Rd8 24.Rxd8 Kxd8 25.f4 Ng6 26.e5 Ng4+ 27.Kf3 Nh6 28.Rxh5 Nf5 29.g3  1-0

[Event "URS-ch sf"]
[Site "Minsk"]
[Date "1983.??.??"]
[Round "?"]
[White "Beliavsky, Alexander G"]
[Black "Kochyev, Alexander"]
[Result "1-0"]
[WhiteElo "2570"]
[BlackElo "2475"]

1.d4 Nf6 2.c4 d6 3.Nc3 e5 4.Nf3 Nbd7 5.Bg5 Be7 6.e3 c6 7.Be2 O-O 8.O-O Ne8
9.Bxe7 Qxe7 10.Qc2 Nef6 11.b4 Re8 12.dxe5 dxe5 13.a3 e4 14.Nd2 b6 15.Rfd1 a5
16.Rab1 axb4 17.axb4 h5 18.h3 Qe5 19.c5 Ra3 20.Rdc1 b5 21.Bf1 Nf8 22.Nb3 Ng6
23.Nd4 Bd7 24.Ra1 Rea8 25.Qb2 Rxa1 26.Rxa1 Rxa1 27.Qxa1 Qg5 28.Kh1 Kh7 29.Qb1 Qe5
30.Qa2 Qe7 31.Qa7 Qe5 32.Qa2 Qe7 33.Kg1 h4 34.Be2 Kh6 35.Bd1 Nh7 36.Qa7 Ng5
37.Qc7 Ne5 38.Nf5+  1-0

[Event "URS-ch sf"]
[Site "Minsk"]
[Date "1983.??.??"]
[Round "?"]
[White "Beliavsky, Alexander G"]
[Black "Kupreichik, Viktor D"]
[Result "0-1"]
[WhiteElo "2570"]
[BlackElo "2480"]

1.d4 Nf6 2.c4 e6 3.Nc3 Bb4 4.e3 O-O 5.Bd3 c5 6.Nf3 d5 7.O-O Nc6 8.a3 Bxc3
9.bxc3 Qc7 10.Qc2 dxc4 11.Bxc4 e5 12.Ba2 e4 13.Ng5 Bf5 14.f3 Rae8 15.g4 Bg6
16.f4 Nxg4 17.f5 Bh5 18.Rf4 cxd4 19.cxd4 Qd8 20.Nxe4 Nxd4 21.Qg2 Ne5 22.Nc3 Ndf3+
23.Kh1 Nd3 24.f6 g6 25.Rxf3 Ne1 26.Qg3 Bxf3+ 27.Kg1 Qxf6 28.Qxe1 Re5 29.e4 Rc8
30.Bd2 Rxc3  0-1

[Event "EU-chT Plovdiv"]
[Site "Plovdiv"]
[Date "1983.??.??"]
[Round "3"]
[White "Bischoff, Klaus"]
[Black "Beliavsky, Alexander G"]
[Result "1/2-1/2"]
[WhiteElo "2445"]
[BlackElo "2570"]

1.g3 e5 2.Bg2 d5 3.c4 d4 4.d3 a5 5.Nf3 Bb4+ 6.Nbd2 Nc6 7.O-O Nf6 8.a3 Be7
9.b3 O-O 10.Rb1 Re8 11.Ne1 Bf5 12.Nc2 Qd7 13.b4 Bh3 14.b5 Bxg2 15.Kxg2 Nd8
16.Nf3 Bd6 17.e3 dxe3 18.Nxe3 Ne6 19.Bb2 Nc5 20.Qc2 Ng4 21.Rfe1 f6 22.Rbd1 Nxe3+
23.Rxe3 Rad8 24.Rde1 Ne6 25.d4 exd4 26.Bxd4 Nxd4 27.Nxd4 Rxe3 28.Rxe3 Bc5
29.Ne6 Bxe3 30.Nxd8 Qxd8 31.fxe3 b6 32.Qe4 Qd2+ 33.Kh3 Qd7+ 34.Kg2 h6 35.h4 Qd2+  1/2-1/2

[Event "URS-ch51"]
[Site "Lvov"]
[Date "1984.??.??"]
[Round "?"]
[White "Kharitonov, Andrei Y"]
[Black "Beliavsky, Alexander G"]
[Result "0-1"]
[WhiteElo "2455"]
[BlackElo "2565"]

1.d4 Nf6 2.Nf3 b6 3.c4 e6 4.Nc3 Bb7 5.a3 d5 6.cxd5 Nxd5 7.e3 Nxc3 8.bxc3 g6
9.h4 h6 10.Bb5+ c6 11.Bd3 Bg7 12.e4 c5 13.Be3 Nc6 14.O-O cxd4 15.cxd4 O-O
16.Bb1 h5 17.Qd3 Rc8 18.Rd1 Rc7 19.Bg5 Qc8 20.Ba2 Ba6 21.Qe3 Na5 22.Rac1 Bc4
23.Bb1 Ba6 24.Qf4 Rxc1 25.Rxc1 Qb8 26.e5 Bb7 27.Be7 Rc8 28.Rxc8+ Qxc8 29.Ng5 Qe8
30.Bf6 Bh6 31.Bd3 Qc6 32.f3 Nb3 33.Be4 Qd7 34.Bxb7 Qxb7 35.Qe3 Qd5 36.Kh2 Qxd4
37.Qxb3 Qxh4+ 38.Nh3 Bf4+ 39.Kh1 Qe1+ 40.Ng1 Qg3  0-1

[Event "Lloyds Bank op"]
[Site "London"]
[Date "1985.??.??"]
[Round "?"]
[White "Beliavsky, Alexander G"]
[Black "Watson, William N"]
[Result "1-0"]
[WhiteElo "2640"]
[BlackElo "2435"]

1.e4 c5 2.Nf3 d6 3.d4 cxd4 4.Nxd4 Nf6 5.Nc3 g6 6.Be3 Bg7 7.f3 O-O 8.Qd2 Nc6
9.g4 Be6 10.O-O-O Nxd4 11.Bxd4 Qa5 12.a3 Rab8 13.h4 b5 14.Nd5 Qxd2+ 15.Rxd2 Bxd5
16.exd5 Rfc8 17.Kb1 Rc7 18.h5 Bh6 19.Rd1 Bf4 20.hxg6 fxg6 21.Bd3 Rcb7 22.Rde1 Nxd5
23.c4 e5 24.Be4 Nc7 25.Bxb7 Rxb7 26.Be3 Bxe3 27.Rxe3 bxc4 28.Rd1 Rb6 29.f4 exf4
30.Re7 Rc6 31.Rh1 Nd5 32.Rxa7 f3 33.Rhxh7 f2 34.Rhg7+ Kh8 35.Rgf7 Rc8 36.Rxf2 c3
37.Rc2 Rb8 38.Ra5 Ne3 39.Rxc3 Nxg4 40.Rd5 Rd8 41.Rcd3 Ne5 42.Rxe5  1-0

[Event "Lloyds Bank op"]
[Site "London"]
[Date "1985.??.??"]
[Round "?"]
[White "Chandler, Murray G"]
[Black "Beliavsky, Alexander G"]
[Result "1/2-1/2"]
[WhiteElo "2525"]
[BlackElo "2640"]

1.e4 e6 2.d4 d5 3.Nc3 Bb4 4.e5 c5 5.a3 Bxc3+ 6.bxc3 Ne7 7.Nf3 Bd7 8.dxc5 Ng6
9.Bd3 Nc6 10.O-O Ncxe5 11.Nxe5 Nxe5 12.Bf4 Qf6 13.Qd2 Nxd3 14.cxd3 d4 15.cxd4 Qxd4
16.Bd6 f6 17.Rab1 Bc6 18.Rb4 Qd5 19.f3 Kf7 20.Qe3 Rad8 21.Rfb1 Rd7 22.Rd4 Qa2
23.Qc1 Rc8 24.Ra1 Qb3 25.Rb1 Qa2 26.Ra1  1/2-1/2

[Event "Lloyds Bank op"]
[Site "London"]
[Date "1985.??.??"]
[Round "?"]
[White "Ivell, Nicholas W"]
[Black "Beliavsky, Alexander G"]
[Result "1/2-1/2"]
[WhiteElo "2350"]
[BlackElo "2640"]

1.e4 e6 2.d4 d5 3.e5 c5 4.c3 Qb6 5.Nf3 Bd7 6.Be2 Bb5 7.c4 Bxc4 8.Bxc4 Qb4+
9.Nbd2 dxc4 10.a3 Qb5 11.Qe2 cxd4 12.Nxd4 Qd5 13.N2f3 Bc5 14.Be3 Bxd4 15.Bxd4 Nc6
16.O-O-O Nge7 17.h4 O-O 18.Bc3 Qb5 19.Ng5 h6 20.Ne4 Rad8 21.Nd6 Qb6 22.h5 Nf5
23.Nxf5 exf5 24.e6 Qc5 25.exf7+ Kxf7 26.Qf3 Kg8 27.Qf4 Rxd1+ 28.Rxd1 Rf7
29.Re1 Rd7 30.g4 Nd4 31.Qb8+ Kh7 32.Qe8 Qc6 33.gxf5 Nb3+ 34.Kc2 Na1+ 35.Kc1 Nb3+
36.Kc2  1/2-1/2

[Event "Lloyds Bank op"]
[Site "London"]
[Date "1985.??.??"]
[Round "?"]
[White "Stein, Bernd"]
[Black "Beliavsky, Alexander G"]
[Result "1/2-1/2"]
[WhiteElo "2365"]
[BlackElo "2640"]

1.e4 e6 2.d4 d5 3.Nc3 Bb4 4.e5 c5 5.a3 Bxc3+ 6.bxc3 Ne7 7.Qg4 Qc7 8.Qxg7 Rg8
9.Qxh7 cxd4 10.Kd1 Nbc6 11.Nf3 Nxe5 12.Bf4 Qxc3 13.Nxe5 Qxa1+ 14.Bc1 d3 15.Qxf7+ Kd8
16.Qf6 dxc2+ 17.Kd2 Qd4+ 18.Bd3 Qc5 19.Ke2 Bd7 20.Be3 d4 21.Bxd4 c1=Q 22.Rxc1 Qxc1
23.Nf7+ Ke8 24.Nd6+ Kd8 25.Nf7+ Ke8 26.Nd6+  1/2-1/2

[Event "WchT"]
[Site "Luzern"]
[Date "1985.??.??"]
[Round "8"]
[White "Mestel, A Jonathan"]
[Black "Beliavsky, Alexander G"]
[Result "0-1"]
[WhiteElo "2540"]
[BlackElo "2635"]

1.e4 e5 2.Nf3 Nc6 3.Bb5 a6 4.Ba4 Nf6 5.O-O Be7 6.Re1 b5 7.Bb3 d6 8.c3 O-O
9.a4 Bd7 10.d4 h6 11.Nbd2 Re8 12.Nf1 Bf8 13.Ng3 Na5 14.Bc2 c5 15.h3 g6 16.axb5 axb5
17.b3 Nc6 18.Bb2 Qc7 19.Bd3 Rxa1 20.Qxa1 Qb7 21.Qd1 Bg7 22.dxc5 dxc5 23.Qc2 b4
24.Nd2 bxc3 25.Bxc3 Nd4 26.Qd1 Bc6 27.Nc4 Qe7 28.Qa1 Nd7 29.Rb1 Rb8 30.Na5 Ba8
31.Qa2 Nf6 32.Nc4 h5 33.b4 h4 34.bxc5 Rxb1+ 35.Bxb1 Bc6 36.Nf1 Qxc5 37.Bxd4 Qxd4
38.Nfd2 Nxe4 39.Bxe4 Bxe4 40.Nxe4 Qxe4 41.Nd6 Qf4 42.Qc4 Qxc4 43.Nxc4 f5
44.Kf1 Kf7 45.Ke2 Ke6 46.f3 Bf8 47.Kd3 Bc5 48.Nd2 Kd5 49.Nf1 Bb6 50.Nd2 Bd8
51.Nb3 Bg5 52.Na5 Kc5 53.Nb7+ Kd5 54.Na5 Be7 55.Nb3 Bb4 56.Na1 e4+ 57.fxe4+ fxe4+
58.Ke2 Ke5 59.Nb3 Bc3 60.Ke3 Kd5 61.Nc1 Bg7 62.Nb3 Bf8 63.Ke2 Bb4 64.Na1 Ke5
65.Nb3 Kf4 66.Nd4 Ba5 67.Nb3 Bc3 68.Nc5 Bb2 69.Nd7 Kg3 70.Nf8 g5 71.Kf1 e3
72.Nh7 Bc1 73.Nf6 e2+ 74.Kxe2 Kxg2 75.Ng4 Kxh3 76.Kf3 Bf4 77.Nf2+ Kh2 78.Ng4+ Kg1
79.Nf2 Be3 80.Kxe3 Kg2 81.Ng4 Kg3  0-1

[Event "Sochi"]
[Site "Sochi"]
[Date "1986.??.??"]
[Round "1"]
[White "Beliavsky, Alexander G"]
[Black "Tal, Mihail"]
[Result "1/2-1/2"]
[WhiteElo "2585"]
[BlackElo "2600"]

1.d4 Nf6 2.c4 c5 3.d5 g6 4.Nc3 Bg7 5.e4 O-O 6.Nf3 d6 7.Be2 e6 8.O-O Re8 9.Bg5 exd5
10.exd5 h6 11.Be3 Bf5 12.h3 Ne4 13.Nxe4 Bxe4 14.Bd3 Bxf3 15.Qxf3 Nd7 16.Rab1 Ne5
17.Qd1 Qh4 18.b3 Nxd3 19.Qxd3 Re4 20.Rbe1 Rae8 21.Bd2 f5  1/2-1/2

[Event "Sochi"]
[Site "Sochi"]
[Date "1986.??.??"]
[Round "3"]
[White "Beliavsky, Alexander G"]
[Black "Vaganian, Rafael A"]
[Result "0-1"]
[WhiteElo "2585"]
[BlackElo "2600"]

1.e4 e6 2.d4 d5 3.Nd2 c5 4.Ngf3 Nc6 5.exd5 exd5 6.Bb5 Bd6 7.dxc5 Bxc5 8.Nb3 Bd6
9.O-O Ne7 10.h3 O-O 11.Re1 Nf5 12.c3 Bc7 13.Bd3 Qd6 14.Qc2 g6 15.g3 Bb6 16.Bf4 Qf6
17.Bg5 Qh8 18.g4 Nd6 19.Qd2 h5 20.Qf4 hxg4 21.Bf6 Qh5 22.Ne5 gxh3 23.Nd4 Nxd4
24.cxd4 Ne4 25.Bxe4 dxe4 26.Kh2 Be6 27.Rg1 Bc7 28.Rg3 Bxe5 29.dxe5 Rfc8 30.Rg5 Qh7
31.Rag1 e3 32.Qxe3 Rc4 33.Qd2 Rac8 34.Rd1 Qh6 35.b3 Rc2 36.Qd4 Kh7 37.Rdg1 Rxa2
38.R1g3 a5 39.Rf3 Rcc2 40.Rf4 Rd2 41.Qa7  0-1

[Event "Sochi"]
[Site "Sochi"]
[Date "1986.??.??"]
[Round "6"]
[White "Hodgson, Julian M"]
[Black "Beliavsky, Alexander G"]
[Result "1/2-1/2"]
[WhiteElo "2500"]
[BlackElo "2585"]

1.d4 d5 2.Bg5 c6 3.Nf3 Qb6 4.b3 Bf5 5.e3 e6 6.Bd3 Bxd3 7.Qxd3 Nd7 8.Nbd2 h6
9.Bf4 Ngf6 10.h3 Be7 11.c4 c5 12.O-O O-O 13.Rad1 Rfd8 14.dxc5 Nxc5 15.Qb1 Nfe4
16.Be5 Nxd2 17.Nxd2 Qa6 18.cxd5 Rxd5 19.Nf3 Nd3 20.Bd4 Nb4 21.Rd2 Rad8 22.Rfd1 Qa5
23.Qb2 Bf8 24.e4 R5d6 25.Qc3 Rc6 26.Qb2 Rdc8 27.Ne1 Ra6 28.a4 Rac6 29.Be3 Bc5
30.Bxc5 Rxc5 31.Rd7 R5c7 32.Nf3 Nc6 33.R7d2 Qb4 34.Nd4 Nxd4 35.Rxd4 Rc4 36.Rd8+ Rxd8
37.Rxd8+ Kh7 38.Rd7 Kg6 39.Qb1 Rxe4 40.f3 Qe1+ 41.Qxe1 Rxe1+ 42.Kf2 Re5  1/2-1/2

[Event "Sochi"]
[Site "Sochi"]
[Date "1986.??.??"]
[Round "8"]
[White "Beliavsky, Alexander G"]
[Black "Ionescu, Constantin"]
[Result "1-0"]
[WhiteElo "2585"]
[BlackElo "2495"]

1.e4 c5 2.Nf3 e6 3.d4 cxd4 4.Nxd4 a6 5.Bd3 Nf6 6.O-O d6 7.c4 b6 8.Nc3 Bb7
9.a4 Nc6 10.Nxc6 Bxc6 11.Qf3 Be7 12.Qg3 O-O 13.Bh6 Ne8 14.Be3 g6 15.Rfd1 Bh4
16.Qg4 Bf6 17.Qe2 Qc7 18.Rdc1 Bd7 19.Qd2 Ng7 20.b4 Rfb8 21.a5 bxa5 22.Rxa5 Ne8
23.Ne2 Qb7 24.Rb1 Be7 25.f3 Nc7 26.Nd4 Bf8 27.Bf1 Bg7 28.Nc2 Bf8 29.Bd4 Be7
30.Rd1 Bc6 31.Bc3 Ne8 32.Kh1 Qc8 33.Ne3 Nc7 34.Ng4 e5 35.c5 dxc5 36.Nxe5 Bb5
37.bxc5 Ne6 38.Bxb5 Rxb5 39.Rxb5 axb5 40.c6 f6 41.Nd7 Qxc6 42.Nxf6+ Bxf6
43.Bxf6 Kf7 44.Rc1 Qb7 45.Ba1 b4 46.Qb2 Qe7 47.f4 Rd8 48.Qb3 Kf8 49.f5 gxf5
50.exf5 Nd4 51.Qc4 Ne2 52.Rf1 Rd2 53.f6 Qb7 54.Qc5+ Kf7 55.Qh5+ Ke6 56.Qe8+  1-0

[Event "Sochi"]
[Site "Sochi"]
[Date "1986.??.??"]
[Round "12"]
[White "Beliavsky, Alexander G"]
[Black "Garcia Gonzales, Guillermo"]
[Result "1/2-1/2"]
[WhiteElo "2585"]
[BlackElo "2500"]

1.e4 c6 2.c4 e5 3.Nf3 Nf6 4.Nc3 Bb4 5.Nxe5 O-O 6.Be2 Re8 7.Nd3 Bxc3 8.dxc3 Nxe4
9.Nf4 d6 10.O-O Nd7 11.Be3 Ndf6 12.Re1 Bf5 13.Qb3 Qc7 14.Rad1 h6 15.Qa3 b6
16.b4 Re7 17.Qc1 Rae8 18.Bd4 c5 19.Be3 Bc8 20.Bf1 Bb7 21.f3 Ng5 22.bxc5 bxc5
23.Nd5 Nxd5 24.cxd5 Nh7 25.c4 Nf6 26.Bf4 Rxe1 27.Rxe1 Qa5 28.Re3 Rxe3 29.Qxe3 Qc7
30.g4 Kf8 31.h4 Qe7 32.Qb3 Ne8 33.g5 hxg5 34.hxg5 Bc8 35.Qb1 Qb7 36.Qc2 Qd7
37.Qh2 Ke7 38.Kf2 Qf5 39.Kg3 Qb1 40.Qe2+ Kf8 41.Kf2 Bf5 42.Qd2 Qc2  1/2-1/2

[Event "Sochi"]
[Site "Sochi"]
[Date "1986.??.??"]
[Round "13"]
[White "Meduna, Eduard"]
[Black "Beliavsky, Alexander G"]
[Result "1-0"]
[WhiteElo "2485"]
[BlackElo "2585"]

1.d4 f5 2.g3 Nf6 3.Bg2 g6 4.c4 Bg7 5.Nc3 O-O 6.Nf3 d6 7.O-O Qe8 8.b3 e5 9.dxe5 dxe5
10.e4 Nc6 11.Ba3 Rf7 12.Re1 f4 13.gxf4 Nh5 14.f5 gxf5 15.Ng5 Rd7 16.Nd5 Qg6
17.h4 f4 18.Bh3 Rf7 19.Bxc8 Rxc8 20.Kh1 f3 21.Rg1 Nd4 22.Nxf7 Qxf7 23.Qd2 c6
24.Ne7+ Kh8 25.Qg5 Re8 26.Nf5 Nxf5 27.Qxf5 Qxf5 28.exf5 Nf4 29.Rad1 Ne2 30.Rg4 Nd4
31.Bb2 c5 32.Bxd4 cxd4 33.Re4 Rf8 34.Kh2 Rxf5 35.Kh3 Bh6 36.Rd3 Be3 37.Kg3 Rf6
38.Rxe5 Rg6+ 39.Kh3 Rg1 40.Rdxe3 dxe3 41.Rxe3 Kg7  1-0